- Sociología del conocimiento
Entry Materia
001 - NÚMERO DE CONTROL DEL REGISTRO
- campo de control: 4897
003 - IDENTIFICADOR DE NUMERO DE CONTROL
- campo de control: UPN
005 - FECHA Y HORA DE LA ÚLTIMA TRANSACCIÓN
- campo de control: 20221013085344.0
008 - DATOS DE LONGITUD FIJA
- campo de control de longitud fija: 221013n||acznnbabn | ana |d
035 ## - NÚMERO DE CONTROL DEL SISTEMA
- Número de control del sistema: UPN10000004897
040 ## - FUENTE DE LA CATALOGACIÓN
- Centro catalogador de origen: UPN
- Lengua de catalogación: spa
- Agencia de transcripción: UPN
046 ## - FECHAS CON CODIFICACIÓN ESPECIAL
- Fecha final para contenidos agregados: 2022
053 #4 - NÚMERO CLASIFICADOR - BIBLIOTECA DEL CONGRESO (LC)
- Elemento numérico de la clasificación - Número único o no. inicial del rango: BD175 Sociología
053 #4 - NÚMERO CLASIFICADOR - BIBLIOTECA DEL CONGRESO (LC)
- Elemento numérico de la clasificación - Número único o no. inicial del rango: BD175 Epistemología
150 ## - ENCABEZAMIENTO - TEMÁTICO
- Término de materia o nombre geográfico como elemento inicial: Sociología del conocimiento
450 ## - VÉASE - MATERIA
- Encabezamiento temático: Conocimiento, Sociología del
550 ## - VÉASE ADEMÁS - MATERIA
- Encabezamiento temático o nombre geográfico como elemento de entrada: Epistemología social
550 ## - VÉASE ADEMÁS - MATERIA
- Subcampo de control: g
- Encabezamiento temático o nombre geográfico como elemento de entrada: Sociología
670 ## - FUENTE EN LA QUE SE LOCALIZARON DATOS
- Cita de la fuente: Biblioteca del Congreso, 13 octubre 2022:
- Información localizada: encabezamiento (Knowledge, Sociology of)
670 ## - FUENTE EN LA QUE SE LOCALIZARON DATOS
- Cita de la fuente: DGB UNAM, 13 octubre 2022:
- Información localizada: encabezamiento (Sociología del conocimiento)
902 ## - CATALOGADOR
- Catalogador: LG/101096
